[Event "DVM U12 2017"]
[Site "Magdeburg GER"]
[Date "2017.12.28"]
[Round "4"]
[White "Pfefferkorn, Paul"]
[Black "Helms, Finn"]
[Result "1-0"]
[Termination "normal"]
[Board "3.4"]
[WhiteElo "1152"]
[BlackElo "1419"]
[WhiteClock "00:28:53"]
[BlackClock "01:06:45"]
[WhiteTeam "USV TU Dresden"]
[BlackTeam "SC Turm Lüneburg"]
[PlyCount "119"]
[WhiteFideId "16255330"]
[BlackFideId "16249143"]
[EventCountry "GER"]
[EventRounds "7"]
[EventType "team-swiss"]
[EventDate "2017.12.26"]

1. e4 {[%clk 1:30:57]} c6 {[%clk 1:30:55]} 2. Nf3 {[%clk 1:31:04]} d5 {[%clk
1:31:18]} 3. exd5 {[%clk 1:31:09]} cxd5 {[%clk 1:31:40]} 4. d4 {[%clk 1:31:30]}
Nc6 {[%clk 1:32:03]} 5. Nc3 {[%clk 1:31:31]} Nf6 {[%clk 1:32:15]} 6. Bf4 {[%clk
1:31:17]} Bg4 {[%clk 1:32:24]} 7. Be2 {[%clk 1:29:24]} e6 {[%clk 1:32:35]} 8.
a3 {[%clk 1:25:46]} Rc8 {[%clk 1:31:15]} 9. O-O {[%clk 1:24:31]} Be7 {[%clk
1:31:28]} 10. h3 {[%clk 1:09:20]} Bf5 {[%clk 1:24:56]} 11. Ne5 {[%clk 1:08:32]}
Ne4 {[%clk 1:24:50]} 12. Nxe4 {[%clk 0:59:59]} Bxe4 {[%clk 1:23:39]} 13. Nxc6
{[%clk 0:57:47]} bxc6 {[%clk 1:22:34]} 14. Bf3 {[%clk 0:58:06]} Bg6 {[%clk
1:22:37]} 15. Qd2 {[%clk 0:50:21]} O-O {[%clk 1:22:34]} 16. c3 {[%clk 0:42:47]}
c5 {[%clk 1:19:47]} 17. Rac1 {[%clk 0:41:43]} Qb6 {[%clk 1:19:28]} 18. b4
{[%clk 0:41:07]} cxb4 {[%clk 1:18:48]} 19. cxb4 {[%clk 0:40:24]} a5 20. bxa5
{[%clk 0:39:04]} Qb3 {[%clk 1:18:29]} 21. Qe3 {[%clk 0:37:29]} Qxe3 22. Bxe3
{[%clk 0:37:26]} Bxa3 {[%clk 1:18:53]} 23. Ra1 {[%clk 0:37:30]} Bb4 {[%clk
1:18:00]} 24. a6 {[%clk 0:34:20]} Bd3 {[%clk 1:15:36]} 25. Rfd1 {[%clk
0:34:16]} Bc2 {[%clk 1:15:56]} 26. Rdc1 {[%clk 0:34:10]} Bc3 {[%clk 1:16:04]}
27. Ra2 {[%clk 0:32:13]} Bd3 {[%clk 1:12:32]} 28. Ra3 {[%clk 0:30:45]} Bxa6
{[%clk 1:06:56]} 29. Raxc3 {[%clk 0:30:11]} Rb8 {[%clk 1:03:17]} 30. Bf4 {[%clk
0:26:44]} Rb4 {[%clk 1:03:03]} 31. Bd6 {[%clk 0:27:06]} Rxd4 {[%clk 1:03:09]}
32. Bxf8 Kxf8 {[%clk 1:03:30]} 33. Ra1 {[%clk 0:25:06]} Bc4 {[%clk 1:03:27]}
34. Ra4 {[%clk 0:25:26]} Ke7 {[%clk 1:03:34]} 35. Be2 {[%clk 0:25:36]} Kf6
{[%clk 1:03:30]} 36. Bxc4 {[%clk 0:25:46]} dxc4 {[%clk 1:03:35]} 37. Raxc4
{[%clk 0:26:02]} Rd1+ {[%clk 1:03:46]} 38. Kh2 {[%clk 0:26:16]} Rf1 {[%clk
1:03:51]} 39. Rc7 {[%clk 0:25:53]} Rxf2 {[%clk 1:03:40]} 40. Rf3+ {[%clk
0:26:21]} Rxf3 {[%clk 1:03:54]} 41. gxf3 {[%clk 0:26:45]} Kg6 {[%clk 1:04:10]}
42. Kg3 {[%clk 0:26:53]} e5 {[%clk 1:04:26]} 43. f4 {[%clk 0:27:02]} exf4+
{[%clk 1:04:39]} 44. Kxf4 {[%clk 0:27:23]} f6 {[%clk 1:04:57]} 45. Kf3 {[%clk
0:25:39]} Kh6 {[%clk 1:05:04]} 46. h4 {[%clk 0:25:53]} g6 {[%clk 1:04:45]} 47.
Kg4 {[%clk 0:25:35]} g5 {[%clk 1:03:49]} 48. hxg5+ {[%clk 0:25:32]} fxg5 {[%clk
1:04:09]} 49. Rc6+ {[%clk 0:25:54]} Kg7 {[%clk 1:04:31]} 50. Kxg5 {[%clk
0:26:16]} Kg8 {[%clk 1:04:15]} 51. Rc7 {[%clk 0:26:29]} Kh8 {[%clk 1:04:24]}
52. Kh6 {[%clk 0:26:49]} Kg8 {[%clk 1:04:48]} 53. Rxh7 {[%clk 0:27:11]} Kf8
{[%clk 1:05:11]} 54. Kg6 {[%clk 0:27:29]} Ke8 {[%clk 1:05:25]} 55. Kf6 {[%clk
0:27:44]} Kd8 {[%clk 1:05:48]} 56. Ke6 {[%clk 0:28:07]} Kc8 {[%clk 1:06:12]}
57. Kd6 {[%clk 0:28:30]} Kb8 {[%clk 1:06:29]} 58. Kc6 {[%clk 0:28:53]} Ka8
{[%clk 1:06:40]} 59. Kb6 Kb8 {[%clk 1:06:45]} 60. Rh8# 1-0

[Event "DVM U12 2017"]
[Site "Magdeburg GER"]
[Date "2017.12.28"]
[Round "4"]
[White "Deutsch, Volker"]
[Black "Kogan, Gabriel"]
[Result "0-1"]
[Termination "normal"]
[Board "4.2"]
[WhiteElo "1518"]
[BlackElo "1418"]
[WhiteClock "00:00:31"]
[BlackClock "00:22:15"]
[WhiteTeam "SK Gründau"]
[BlackTeam "SG Porz"]
[PlyCount "142"]
[WhiteFideId "16206886"]
[BlackFideId "16238265"]
[EventCountry "GER"]
[EventRounds "7"]
[EventType "team-swiss"]
[EventDate "2017.12.26"]

1. e4 {[%clk 1:30:57]} e5 {[%clk 1:30:54]} 2. Nf3 {[%clk 1:31:22]} Nc6 {[%clk
1:31:21]} 3. Bc4 {[%clk 1:31:47]} Bc5 {[%clk 1:31:46]} 4. c3 {[%clk 1:32:10]}
Nf6 {[%clk 1:32:13]} 5. d3 {[%clk 1:32:34]} d6 {[%clk 1:32:15]} 6. Nbd2 {[%clk
1:32:38]} O-O {[%clk 1:32:33]} 7. Nf1 {[%clk 1:32:23]} Be6 {[%clk 1:32:33]} 8.
Bb3 {[%clk 1:32:41]} Bb6 9. Ng3 {[%clk 1:32:45]} Ne7 {[%clk 1:28:22]} 10. d4
{[%clk 1:27:11]} Ng6 {[%clk 1:23:13]} 11. O-O {[%clk 1:25:29]} c6 {[%clk
1:22:58]} 12. Be3 {[%clk 1:24:42]} Bxb3 {[%clk 1:20:32]} 13. Qxb3 {[%clk
1:22:17]} Re8 {[%clk 1:19:43]} 14. Qc2 {[%clk 1:20:35]} Rc8 {[%clk 1:15:27]}
15. Rfe1 {[%clk 1:17:26]} Bc7 {[%clk 1:04:43]} 16. dxe5 {[%clk 1:14:07]} Nxe5
{[%clk 1:02:35]} 17. Nxe5 {[%clk 1:13:49]} dxe5 {[%clk 1:02:38]} 18. Rad1
{[%clk 1:13:20]} Qe7 {[%clk 1:00:37]} 19. Nf5 {[%clk 1:02:21]} Qe6 {[%clk
0:55:05]} 20. b3 {[%clk 0:59:46]} Rcd8 {[%clk 0:53:30]} 21. f3 {[%clk 0:52:54]}
b6 {[%clk 0:43:17]} 22. Rxd8 {[%clk 0:46:53]} Rxd8 {[%clk 0:43:20]} 23. Rd1
{[%clk 0:46:32]} g6 {[%clk 0:40:32]} 24. Rxd8+ {[%clk 0:39:58]} Bxd8 {[%clk
0:40:33]} 25. Qd3 {[%clk 0:38:30]} Bc7 {[%clk 0:39:42]} 26. Ng3 {[%clk
0:38:31]} Qd6 {[%clk 0:35:17]} 27. Qxd6 {[%clk 0:36:33]} Bxd6 {[%clk 0:35:43]}
28. Ne2 {[%clk 0:34:53]} Kf8 {[%clk 0:34:56]} 29. Kf2 {[%clk 0:29:59]} Ke7
{[%clk 0:32:50]} 30. Bg5 {[%clk 0:22:59]} Ke6 {[%clk 0:32:34]} 31. Ke3 {[%clk
0:20:57]} Be7 {[%clk 0:21:54]} 32. c4 {[%clk 0:16:54]} Kd6 {[%clk 0:20:06]} 33.
Kd3 {[%clk 0:15:57]} Kc5 {[%clk 0:09:11]} 34. Bd2 {[%clk 0:12:40]} a5 {[%clk
0:08:35]} 35. Be3+ {[%clk 0:11:47]} Kb4 {[%clk 0:07:16]} 36. Bxb6 {[%clk
0:11:54]} Nd7 {[%clk 0:05:18]} 37. Be3 {[%clk 0:07:26]} Ka3 {[%clk 0:05:08]}
38. Nc1 {[%clk 0:06:36]} Kb2 {[%clk 0:05:13]} 39. a4 {[%clk 0:02:38]} Nc5+
{[%clk 0:05:36]} 40. Bxc5 {[%clk 0:01:35]} Bxc5 {[%clk 0:05:50]} 41. Kd2 {[%clk
0:13:29]} Be7 {[%clk 0:35:11]} 42. Nd3+ {[%clk 0:08:11]} Kxb3 {[%clk 0:35:24]}
43. Nxe5 {[%clk 0:08:16]} Bb4+ {[%clk 0:34:18]} 44. Kd3 {[%clk 0:07:48]} Kxa4
{[%clk 0:33:25]} 45. Nxc6 {[%clk 0:07:52]} Kb3 {[%clk 0:33:46]} 46. Nxa5+
{[%clk 0:04:06]} Bxa5 {[%clk 0:33:55]} 47. c5 {[%clk 0:03:47]} Kb4 {[%clk
0:32:30]} 48. Kd4 {[%clk 0:04:13]} Kb5 {[%clk 0:32:11]} 49. Kd5 {[%clk
0:04:25]} Bc7 {[%clk 0:32:13]} 50. e5 {[%clk 0:04:03]} h5 {[%clk 0:31:33]} 51.
g4 {[%clk 0:03:30]} hxg4 {[%clk 0:29:12]} 52. fxg4 {[%clk 0:03:55]} g5 {[%clk
0:29:36]} 53. c6 {[%clk 0:01:55]} Kb6 {[%clk 0:28:08]} 54. h3 Bb8 {[%clk
0:28:20]} 55. e6 {[%clk 0:02:07]} fxe6+ {[%clk 0:28:19]} 56. Kxe6 {[%clk
0:02:32]} Bg3 {[%clk 0:20:57]} 57. Kd5 {[%clk 0:01:48]} Kb5 {[%clk 0:19:54]}
58. Ke4 {[%clk 0:01:36]} Kxc6 {[%clk 0:20:07]} 59. Kf5 {[%clk 0:01:34]} Bh4
{[%clk 0:20:26]} 60. Ke4 {[%clk 0:01:47]} Kc5 {[%clk 0:20:34]} 61. Ke3 {[%clk
0:02:03]} Kd5 {[%clk 0:20:27]} 62. Kd3 {[%clk 0:02:26]} Bf2 {[%clk 0:20:27]}
63. Ke2 {[%clk 0:02:42]} Bh4 {[%clk 0:20:39]} 64. Kd3 {[%clk 0:03:11]} Bg3
{[%clk 0:20:45]} 65. Ke3 {[%clk 0:02:33]} Ke5 {[%clk 0:21:02]} 66. Kf3 {[%clk
0:02:37]} Be1 {[%clk 0:21:16]} 67. Ke3 {[%clk 0:02:49]} Bh4 {[%clk 0:21:14]}
68. Kf3 {[%clk 0:03:08]} Kd4 {[%clk 0:21:39]} 69. Ke2 {[%clk 0:00:49]} Ke4
{[%clk 0:21:56]} 70. Kd2 {[%clk 0:00:33]} Kf3 {[%clk 0:22:15]} 71. Kd3 {[%clk
0:00:31]} Kg3 1-0

[Event "DVM U12 2017"]
[Site "Magdeburg GER"]
[Date "2017.12.28"]
[Round "4"]
[White "Sabirov, Rafael"]
[Black "Deutsch, Oliver"]
[Result "1-0"]
[Termination "normal"]
[Board "4.3"]
[WhiteElo "1470"]
[BlackElo "1471"]
[WhiteClock "00:05:09"]
[BlackClock "00:58:12"]
[WhiteTeam "SG Porz"]
[BlackTeam "SK Gründau"]
[PlyCount "109"]
[WhiteFideId "16241185"]
[BlackFideId "16206894"]
[EventCountry "GER"]
[EventRounds "7"]
[EventType "team-swiss"]
[EventDate "2017.12.26"]

1. e4 {[%clk 1:30:57]} e5 {[%clk 1:30:55]} 2. Nf3 {[%clk 1:31:22]} Nc6 {[%clk
1:31:11]} 3. Bb5 {[%clk 1:31:47]} a6 {[%clk 1:31:22]} 4. Ba4 {[%clk 1:32:09]}
Nf6 {[%clk 1:31:41]} 5. d3 {[%clk 1:32:32]} Be7 {[%clk 1:31:53]} 6. Bxc6 {[%clk
1:32:45]} bxc6 {[%clk 1:29:48]} 7. Nxe5 {[%clk 1:33:04]} O-O {[%clk 1:29:46]}
8. O-O {[%clk 1:32:28]} Bb7 {[%clk 1:29:35]} 9. Re1 {[%clk 1:30:49]} d5 {[%clk
1:28:45]} 10. Nd2 {[%clk 1:22:42]} Qd6 {[%clk 1:26:53]} 11. Nef3 {[%clk
1:22:27]} Qd7 {[%clk 1:23:23]} 12. Qe2 {[%clk 1:14:32]} dxe4 {[%clk 1:22:27]}
13. Nxe4 {[%clk 1:12:31]} Rfe8 {[%clk 1:21:07]} 14. Bf4 {[%clk 1:01:54]} Kh8
{[%clk 1:20:23]} 15. Ne5 {[%clk 0:50:56]} Qe6 {[%clk 1:16:45]} 16. Ng5 {[%clk
0:49:07]} Qf5 {[%clk 1:15:35]} 17. Ngxf7+ {[%clk 0:43:37]} Kg8 {[%clk 1:14:38]}
18. Be3 {[%clk 0:25:03]} c5 {[%clk 1:12:35]} 19. f4 {[%clk 0:23:05]} h6 {[%clk
1:11:50]} 20. g4 {[%clk 0:16:51]} Nxg4 {[%clk 1:11:03]} 21. Qxg4 {[%clk
0:15:31]} Qxg4+ {[%clk 1:11:00]} 22. Nxg4 {[%clk 0:15:55]} Kxf7 {[%clk
1:11:13]} 23. Ne5+ {[%clk 0:14:26]} Kg8 {[%clk 1:07:29]} 24. Nd7 {[%clk
0:14:05]} Bh4 {[%clk 1:07:05]} 25. Bf2 {[%clk 0:12:40]} Bxf2+ {[%clk 1:05:14]}
26. Kxf2 {[%clk 0:13:06]} Bc6 {[%clk 1:04:04]} 27. Nxc5 {[%clk 0:13:21]} Rf8
{[%clk 1:04:12]} 28. Kg3 {[%clk 0:12:38]} Rf5 {[%clk 1:03:05]} 29. Ne6 {[%clk
0:11:21]} Rf7 {[%clk 1:02:27]} 30. Nd4 {[%clk 0:10:32]} Bb7 {[%clk 1:02:03]}
31. Re5 {[%clk 0:10:08]} Rd8 {[%clk 1:00:24]} 32. Ne6 {[%clk 0:08:11]} Rd6
{[%clk 0:59:31]} 33. Nc5 {[%clk 0:07:45]} Rg6+ {[%clk 0:57:21]} 34. Kf2 {[%clk
0:06:27]} Bc6 {[%clk 0:57:03]} 35. Ke3 {[%clk 0:03:27]} Rg2 {[%clk 0:53:29]}
36. Rc1 {[%clk 0:03:46]} Rxh2 {[%clk 0:53:27]} 37. Nxa6 {[%clk 0:03:48]} Rh3+
{[%clk 0:53:29]} 38. Kd2 {[%clk 0:03:52]} Rh2+ {[%clk 0:50:12]} 39. Re2 {[%clk
0:01:51]} Rh4 {[%clk 0:48:43]} 40. Rf1 {[%clk 0:02:13]} g5 {[%clk 0:44:41]} 41.
Re6 {[%clk 0:22:18]} Bd7 {[%clk 1:13:05]} 42. Re4 {[%clk 0:21:12]} gxf4 {[%clk
1:10:04]} 43. Nc5 {[%clk 0:14:23]} Bc6 {[%clk 1:08:42]} 44. Rd4 {[%clk
0:13:44]} Rh2+ {[%clk 1:08:43]} 45. Kd1 {[%clk 0:06:20]} f3 {[%clk 1:06:57]}
46. Rg4+ {[%clk 0:06:06]} Kh7 {[%clk 1:06:35]} 47. Ne4 {[%clk 0:05:43]} Bd7
{[%clk 1:05:17]} 48. Rg3 {[%clk 0:04:32]} f2 {[%clk 1:03:56]} 49. Ke2 {[%clk
0:03:45]} Rf4 {[%clk 0:59:45]} 50. Rxf2 {[%clk 0:03:26]} Bg4+ {[%clk 0:57:13]}
51. Rxg4 {[%clk 0:03:28]} Rhxf2+ {[%clk 0:57:20]} 52. Nxf2 {[%clk 0:03:53]}
Rxg4 {[%clk 0:57:40]} 53. Nxg4 {[%clk 0:04:18]} h5 {[%clk 0:57:46]} 54. Nf2
{[%clk 0:04:44]} Kg6 {[%clk 0:58:12]} 55. a4 {[%clk 0:05:09]} 1-0

[Event "DVM U12 2017"]
[Site "Magdeburg GER"]
[Date "2017.12.28"]
[Round "4"]
[White "Bayer, Oliver"]
[Black "Kazimov, Alis"]
[Result "1-0"]
[Termination "normal"]
[Board "4.4"]
[WhiteElo "1497"]
[BlackElo "1495"]
[WhiteClock "01:08:47"]
[BlackClock "00:32:50"]
[WhiteTeam "SK Gründau"]
[BlackTeam "SG Porz"]
[PlyCount "66"]
[WhiteFideId "16243978"]
[BlackFideId "16255348"]
[EventCountry "GER"]
[EventRounds "7"]
[EventType "team-swiss"]
[EventDate "2017.12.26"]

1. e4 {[%clk 1:30:57]} e5 {[%clk 1:30:53]} 2. Nf3 {[%clk 1:31:20]} Nc6 {[%clk
1:31:17]} 3. d4 {[%clk 1:31:43]} exd4 {[%clk 1:31:44]} 4. Bc4 {[%clk 1:32:06]}
d6 {[%clk 1:31:17]} 5. Nxd4 {[%clk 1:31:39]} Nxd4 {[%clk 1:31:35]} 6. Qxd4
{[%clk 1:31:56]} Nf6 {[%clk 1:31:47]} 7. Nc3 {[%clk 1:31:13]} Be7 {[%clk
1:31:33]} 8. Bd2 {[%clk 1:28:54]} Be6 {[%clk 1:31:01]} 9. Be2 {[%clk 1:26:35]}
Qd7 {[%clk 1:28:10]} 10. h3 {[%clk 1:24:15]} a6 {[%clk 1:26:47]} 11. f4 {[%clk
1:24:12]} Qc6 {[%clk 1:24:20]} 12. f5 {[%clk 1:24:04]} Bd7 {[%clk 1:23:01]} 13.
g4 {[%clk 1:23:58]} h6 {[%clk 1:18:32]} 14. h4 {[%clk 1:23:38]} b6 {[%clk
1:13:07]} 15. O-O-O {[%clk 1:23:21]} b5 {[%clk 1:10:47]} 16. Rdg1 {[%clk
1:22:09]} Ng8 {[%clk 1:03:01]} 17. g5 {[%clk 1:21:13]} f6 {[%clk 1:03:19]} 18.
Bh5+ {[%clk 1:20:05]} Kd8 {[%clk 1:03:29]} 19. Bf7 Qc5 {[%clk 0:52:26]} 20. Qe3
{[%clk 1:15:24]} fxg5 {[%clk 0:51:36]} 21. Qxc5 {[%clk 1:13:56]} dxc5 {[%clk
0:51:17]} 22. hxg5 {[%clk 1:14:12]} c6 {[%clk 0:50:15]} 23. Bxg8 {[%clk
1:13:22]} Rxg8 {[%clk 0:40:15]} 24. gxh6 {[%clk 1:13:39]} Bf6 {[%clk 0:39:02]}
25. Bg5 {[%clk 1:13:14]} Ke7 {[%clk 0:39:02]} 26. hxg7 {[%clk 1:11:14]} Rxg7
{[%clk 0:37:42]} 27. Bxf6+ {[%clk 1:10:27]} Kxf6 {[%clk 0:38:05]} 28. Rh6+
{[%clk 1:09:43]} Kf7 {[%clk 0:35:59]} 29. Rxg7+ {[%clk 1:09:42]} Kxg7 {[%clk
0:36:17]} 30. Rd6 {[%clk 1:09:48]} Ra7 {[%clk 0:35:24]} 31. f6+ {[%clk
1:09:23]} Kf7 {[%clk 0:35:42]} 32. e5 {[%clk 1:09:44]} c4 {[%clk 0:33:25]} 33.
Ne4 {[%clk 1:08:47]} Be6 {[%clk 0:32:50]} 1-0

[Event "DVM U12 2017"]
[Site "Magdeburg GER"]
[Date "2017.12.28"]
[Round "4"]
[White "Duduka, Artem"]
[Black "Ponomarev, Maximilian"]
[Result "0-1"]
[Termination "normal"]
[Board "5.1"]
[WhiteElo "1601"]
[BlackElo "1764"]
[WhiteClock "00:20:33"]
[BlackClock "00:23:20"]
[WhiteTeam "SF Nordost Berlin"]
[BlackTeam "SC Tarrasch 45 München"]
[PlyCount "128"]
[WhiteFideId "14194805"]
[BlackFideId "16216768"]
[EventCountry "GER"]
[EventRounds "7"]
[EventType "team-swiss"]
[EventDate "2017.12.26"]

1. e4 {[%clk 1:30:45]} c5 {[%clk 1:30:52]} 2. Nf3 {[%clk 1:30:33]} e6 {[%clk
1:31:07]} 3. d4 {[%clk 1:30:29]} cxd4 {[%clk 1:31:26]} 4. Nxd4 {[%clk 1:30:20]}
a6 {[%clk 1:31:52]} 5. Nc3 {[%clk 1:29:14]} Qc7 {[%clk 1:32:18]} 6. Qf3 {[%clk
1:29:27]} Nf6 {[%clk 1:31:08]} 7. Bd2 {[%clk 1:27:56]} Be7 {[%clk 1:31:01]} 8.
Qg3 {[%clk 1:25:09]} Qxg3 {[%clk 1:27:47]} 9. hxg3 {[%clk 1:25:23]} d6 {[%clk
1:28:15]} 10. f4 {[%clk 1:22:50]} b5 {[%clk 1:26:53]} 11. a3 {[%clk 1:21:38]}
Bb7 {[%clk 1:25:27]} 12. Bd3 {[%clk 1:20:47]} Nbd7 {[%clk 1:25:50]} 13. b4
{[%clk 1:20:10]} Bd8 {[%clk 1:22:45]} 14. Ke2 {[%clk 1:16:54]} Rc8 {[%clk
1:22:56]} 15. Rae1 {[%clk 1:15:06]} Bb6 {[%clk 1:20:48]} 16. Nf3 {[%clk
1:13:22]} Ng4 {[%clk 1:20:20]} 17. Rhf1 {[%clk 1:09:49]} Ndf6 {[%clk 1:17:20]}
18. Kd1 {[%clk 1:06:35]} Nh5 {[%clk 1:15:50]} 19. Ne2 {[%clk 1:05:29]} Nf2+
{[%clk 1:15:19]} 20. Rxf2 {[%clk 1:04:53]} Bxf2 {[%clk 1:15:44]} 21. Rh1 {[%clk
1:04:48]} Nf6 {[%clk 1:12:11]} 22. e5 {[%clk 1:02:23]} dxe5 {[%clk 1:10:21]}
23. Nxe5 {[%clk 1:02:06]} Bb6 {[%clk 1:09:54]} 24. c4 {[%clk 0:59:47]} bxc4
{[%clk 1:09:05]} 25. Nxc4 {[%clk 0:59:39]} Bc7 {[%clk 1:09:18]} 26. Nc3 {[%clk
0:59:04]} Bxg2 {[%clk 1:07:57]} 27. Rg1 {[%clk 0:59:06]} Bf3+ {[%clk 1:07:53]}
28. Kc2 {[%clk 0:58:56]} Bb7 {[%clk 1:06:42]} 29. Re1 {[%clk 0:58:03]} O-O
{[%clk 1:04:02]} 30. Na4 {[%clk 0:58:17]} Bd5 {[%clk 1:03:24]} 31. Kb3 {[%clk
0:56:43]} Rfd8 {[%clk 1:02:54]} 32. Be3 {[%clk 0:55:02]} Bc6 {[%clk 0:59:38]}
33. Nc5 {[%clk 0:54:35]} a5 {[%clk 0:46:46]} 34. Rc1 {[%clk 0:37:16]} axb4
{[%clk 0:40:47]} 35. axb4 {[%clk 0:37:21]} Bd6 {[%clk 0:38:33]} 36. Nxd6 {[%clk
0:33:17]} Rxd6 {[%clk 0:39:00]} 37. b5 {[%clk 0:33:23]} Bd5+ {[%clk 0:36:02]}
38. Kb4 {[%clk 0:32:51]} Ng4 {[%clk 0:36:12]} 39. Bd2 {[%clk 0:32:24]} Ba8
{[%clk 0:33:58]} 40. Ka5 {[%clk 0:28:10]} Nf2 {[%clk 0:32:37]} 41. Bb4 {[%clk
0:25:46]} Rdd8 {[%clk 0:28:57]} 42. b6 {[%clk 0:24:34]} Nxd3 {[%clk 0:28:44]}
43. Nxd3 {[%clk 0:24:52]} Rxc1 {[%clk 0:28:18]} 44. Nxc1 {[%clk 0:25:16]} Bb7
{[%clk 0:28:42]} 45. Nb3 {[%clk 0:24:52]} e5 {[%clk 0:25:39]} 46. Nc5 {[%clk
0:20:41]} Rd5 {[%clk 0:26:06]} 47. Kb5 {[%clk 0:21:00]} Ba8 {[%clk 0:26:02]}
48. Ka6 {[%clk 0:19:15]} exf4 {[%clk 0:24:05]} 49. gxf4 {[%clk 0:19:36]} Rd4
{[%clk 0:21:43]} 50. Be1 {[%clk 0:18:49]} Rxf4 {[%clk 0:21:59]} 51. Ka7 {[%clk
0:19:01]} Bc6 {[%clk 0:22:14]} 52. Kb8 {[%clk 0:19:09]} Rc4 {[%clk 0:22:02]}
53. Bf2 {[%clk 0:19:20]} Rc2 {[%clk 0:21:51]} 54. Be3 {[%clk 0:19:30]} h5
{[%clk 0:21:56]} 55. Kc7 {[%clk 0:19:28]} Bf3 {[%clk 0:22:02]} 56. Kd6 {[%clk
0:19:18]} h4 {[%clk 0:21:33]} 57. b7 {[%clk 0:19:20]} Bxb7 {[%clk 0:20:40]} 58.
Nxb7 {[%clk 0:19:28]} h3 {[%clk 0:21:03]} 59. Bf4 {[%clk 0:19:53]} h2 {[%clk
0:21:27]} 60. Bxh2 {[%clk 0:19:14]} Rxh2 {[%clk 0:21:52]} 61. Nc5 {[%clk
0:19:31]} g6 {[%clk 0:22:10]} 62. Ne4 {[%clk 0:19:48]} Kg7 {[%clk 0:22:36]} 63.
Ke5 {[%clk 0:20:09]} Re2 {[%clk 0:23:03]} 64. Kf4 {[%clk 0:20:33]} Rxe4+ {[%clk
0:23:20]} 0-1

[Event "DVM U12 2017"]
[Site "Magdeburg GER"]
[Date "2017.12.28"]
[Round "4"]
[White "Bloch, Daniel"]
[Black "Gutewort, Paul Emil"]
[Result "1/2-1/2"]
[Termination "normal"]
[Board "5.2"]
[WhiteElo "1435"]
[BlackElo "1549"]
[WhiteClock "00:20:18"]
[BlackClock "00:59:04"]
[WhiteTeam "SC Tarrasch 45 München"]
[BlackTeam "SF Nordost Berlin"]
[PlyCount "121"]
[WhiteFideId "16229525"]
[BlackFideId "16204182"]
[EventCountry "GER"]
[EventRounds "7"]
[EventType "team-swiss"]
[EventDate "2017.12.26"]

1. e4 {[%clk 1:30:57]} e5 {[%clk 1:30:56]} 2. Nf3 {[%clk 1:31:20]} d6 {[%clk
1:31:23]} 3. d4 {[%clk 1:31:34]} exd4 {[%clk 1:31:48]} 4. Nxd4 {[%clk 1:31:52]}
Nf6 {[%clk 1:32:11]} 5. Nc3 {[%clk 1:32:01]} Be7 {[%clk 1:32:36]} 6. Be2 {[%clk
1:31:49]} O-O {[%clk 1:32:38]} 7. Be3 {[%clk 1:31:46]} Re8 {[%clk 1:32:58]} 8.
O-O {[%clk 1:32:07]} a6 {[%clk 1:33:00]} 9. f4 {[%clk 1:32:21]} Nbd7 {[%clk
1:32:19]} 10. Qd2 {[%clk 1:32:20]} Bf8 {[%clk 1:32:35]} 11. Bf3 {[%clk
1:32:25]} Nb6 {[%clk 1:32:13]} 12. b3 {[%clk 1:32:19]} Bg4 {[%clk 1:29:46]} 13.
Bxg4 {[%clk 1:28:04]} Nxg4 {[%clk 1:30:09]} 14. Qe2 {[%clk 1:28:07]} Nxe3
{[%clk 1:29:12]} 15. Qxe3 {[%clk 1:26:12]} g6 {[%clk 1:27:10]} 16. Qf3 {[%clk
1:22:07]} Bg7 {[%clk 1:26:33]} 17. Rad1 {[%clk 1:19:47]} Qe7 {[%clk 1:22:18]}
18. f5 {[%clk 1:15:56]} Nd7 {[%clk 1:16:05]} 19. Nd5 {[%clk 1:12:51]} Qd8
{[%clk 1:16:19]} 20. f6 {[%clk 1:12:58]} Ne5 {[%clk 1:15:46]} 21. Qf4 {[%clk
1:11:45]} Bf8 {[%clk 1:15:31]} 22. Nf3 {[%clk 1:00:10]} Nxf3+ {[%clk 1:13:37]}
23. Rxf3 {[%clk 0:55:09]} c6 {[%clk 1:13:59]} 24. Ne3 {[%clk 0:48:11]} Qa5
{[%clk 1:10:57]} 25. Ng4 {[%clk 0:45:50]} Qc7 {[%clk 1:08:11]} 26. h4 {[%clk
0:33:41]} h5 {[%clk 1:07:57]} 27. Ne3 {[%clk 0:30:53]} Kh7 {[%clk 1:07:42]} 28.
g4 {[%clk 0:28:59]} Bh6 {[%clk 1:08:03]} 29. g5 {[%clk 0:27:45]} Bf8 {[%clk
1:08:26]} 30. Rd3 {[%clk 0:24:44]} Rad8 {[%clk 1:05:55]} 31. Rc3 {[%clk
0:22:58]} Qa5 {[%clk 1:05:04]} 32. Nc4 {[%clk 0:05:06]} Qc5+ {[%clk 0:56:10]}
33. Rfe3 {[%clk 0:04:36]} Qa7 {[%clk 0:53:01]} 34. Kh1 {[%clk 0:03:13]} d5
{[%clk 0:51:00]} 35. exd5 {[%clk 0:02:09]} Rxe3 {[%clk 0:42:20]} 36. Rxe3
{[%clk 0:02:11]} Bc5 {[%clk 0:37:26]} 37. Qc7 {[%clk 0:02:03]} Rf8 {[%clk
0:37:47]} 38. Re2 {[%clk 0:02:10]} cxd5 {[%clk 0:37:43]} 39. Ne5 {[%clk
0:02:07]} b5 {[%clk 0:36:40]} 40. Qxa7 {[%clk 0:02:11]} Bxa7 {[%clk 0:36:59]}
41. Nc6 {[%clk 0:02:30]} Bc5 {[%clk 0:35:21]} 42. Rd2 {[%clk 0:02:47]} d4
{[%clk 0:32:42]} 43. Nxd4 {[%clk 0:02:52]} Rd8 {[%clk 0:32:59]} 44. Nf3 {[%clk
0:03:18]} Rxd2 {[%clk 0:33:24]} 45. Nxd2 {[%clk 0:03:42]} b4 {[%clk 0:33:48]}
46. Ne4 {[%clk 0:04:04]} Bd4 {[%clk 0:33:00]} 47. Kg2 {[%clk 0:04:13]} Kg8
{[%clk 0:32:55]} 48. Nd6 {[%clk 0:03:42]} Kf8 {[%clk 0:32:36]} 49. Kf3 {[%clk
0:03:19]} Bc5 {[%clk 0:32:36]} 50. Nb7 {[%clk 0:03:20]} Bd4 {[%clk 0:32:50]}
51. Na5 {[%clk 0:03:04]} Ke8 {[%clk 0:32:31]} 52. Nc6 {[%clk 0:03:01]} Bc5
{[%clk 0:32:52]} 53. Ne5 {[%clk 0:03:11]} Bd4 {[%clk 0:32:08]} 54. Kf4 {[%clk
0:02:49]} a5 {[%clk 0:31:34]} 55. Ke4 {[%clk 0:01:28]} Bf2 {[%clk 0:31:25]} 56.
Nf3 {[%clk 0:00:41]} Kd7 {[%clk 0:29:52]} 57. Kd5 {[%clk 0:29:54]} Kc7 {[%clk
0:59:18]} 58. Kc4 {[%clk 0:27:08]} Kd6 {[%clk 0:59:01]} 59. Kd3 {[%clk
0:19:40]} Kd5 {[%clk 0:59:13]} 60. Ke2 {[%clk 0:19:59]} Bg3 {[%clk 0:59:04]}
61. Ke3 {[%clk 0:20:18]} 1/2-1/2